1233 1703 1220 1429 1859 1554 1565 1308 1236 1352 1284 1347 1372 1639 1290 1491 1370 1257 1591 1872 1639 1987 1118 1657 1527 1083 1095 1565 1731 1036 1244 1545 1721 1204 1489 1761 1501 1331 1041 1975 1998 1380 1489 1559 1149 1242 1122 1008 1589 1154 1288 1204 1663 1409 1524 1274 1442 1613 1599 1151 1768 1142 1180 1734 1363 1846 1804 1441 1586 1172 1232 1631 1099 1605 1417 1448 1150 1074 1742 1098 1696 1756 1995 1967 1046 1691 1585 1954 1566 1383 1315 1167 1422 1796 1050 1268 1838 1246 1221 BCNSPRNW ULIB Ver.6.0+V

เปลี่ยนเป็นภาษาไทย

Change to English
 แสดงรายละเอียดบรรณานุกรม
  กลับหน้าหลัก

Brief Record : Get Marc (ISO 2709) : E-mail record : QR code < ปิดหน้าต่าง
LEADER : 00000nam 2200000uu 4500
001    13399109737
003     ULIB
008    110410s2544||||th 000 0 tha d
020    9748625672
060 04 WC100^bค796 2544
245 00 Current practice in common infectious diseases /^cสมบัติลีลาสุภาศรี ... [และคนอื่นๆ]
260    กรุงเทพฯ :^bสมาคมโรคติดเชื้อแห่งประเทศไทย,^c2544
300    623 หน้า :^bภาพประกอบ ;^c21 ซม.
650  7 โรคติดต่อ^xการรักษา
650  7 โรคติดต่อ^xการวินิจฉัย
700 0  สมบัติ ลีลาสุภาศรี
710 2  สมาคมโรคติดเชื้อแห่งประเทศไทย
945    ^p350^l0^i014952
945    ^p350^l0^i014951
945    ^p350^l0^i014950
995    ทศพร
999 ^a ใช้งานได้ทุกระบบ
รายการนี้ยังไม่มีแท็ก
คุณยังไม่ได้ล็อกอิน คุณสามารถมีกิจกรรมร่วมกับเว็บไซต์ได้ แต่ต้องล็อกอินก่อน ::
  ล็อกอิน

รายการสื่อสารสนเทศ

ลำดับที่ ประเภท เลขเรียก/บาร์โค้ด สถานที่ สถานะ
- ไม่พบข้อมูล -

BibComment


ยังไม่เคยถูกคอมเมนท์

คอมเมนท์ทรัพยากรรายการนี้
  คอมเมนท์: Current practice ..


 Copyright 2026. Bcnsprnw @Library